| 000 | 00700nac a22002171u 4500 | ||
|---|---|---|---|
| 010 | _a 77128017 | ||
| 020 | _a0070410844 | ||
| 082 | 0 | 0 |
_a658.5 _bMAY |
| 090 |
_c6500 _d6500 |
||
| 100 | _a20080729 | ||
| 245 | 0 | 0 |
_aIndustrial engineering handbook _c[by] H. B. Maynard. |
| 250 | _a3rd ed. | ||
| 260 |
_aNew York, _bMcGraw-Hill,[1971] _c[1971] |
||
| 300 |
_a1 v. (various pagings) _billus. _c24 cm. |
||
| 500 | _adistributer: Al-Ahram | ||
| 504 | _aIncludes bibliographies. | ||
| 511 | _acatalogued by: wessam | ||
| 650 | 0 |
_aIndustrial engineering _xHandbooks, manuals, etc. |
|
| 700 | 1 |
_aMaynard, Harold Bright, _d1902- |
|
| 942 |
_cBB _k658.5MAY |
||
| 999 |
_c6500 _d6500 |
||